| 000 | 00508nam a2200181 a 4500 | ||
|---|---|---|---|
| 001 | BRCA_2073 | ||
| 005 | 20190320203646.0 | ||
| 008 | 070808s1985----mx-a---###---#000-0#spa-# | ||
| 020 | _a9681618858 | ||
| 050 | 4 |
_aF1391.O3 _b.T68 _c1985 |
|
| 100 | 1 |
_aToussaint, Manuel _d1890-1955 _96304 |
|
| 245 | 1 | 0 |
_aOaxaca y Tasco _cManuel Toussaint. |
| 260 |
_aMéxico _bFCE : SEP _c1985 |
||
| 300 |
_a174 p. _bil. _c21 cm. |
||
| 440 | 0 |
_aLecturas mexicanas _v80 _96305 |
|
| 650 | 1 | 4 |
_aLecturas mexicanas _96305 |
| 942 |
_2lcc _cB |
||
| 999 |
_c1831 _d1831 |
||